| 000 | 00803nam a22002297a 4500 | ||
|---|---|---|---|
| 005 | 20170124110230.0 | ||
| 010 | _aA-459770 | ||
| 020 |
_c500.00 _a8171161022 |
||
| 035 | _aA-459770 | ||
| 037 | _bCen Lib/Ret | ||
| 040 |
_aDPL _bEN |
||
| 082 |
_a954.085 _bSEL |
||
| 245 |
_a Select documents on Partition of Punjab-1947 : _cedited by Kirpal Singh _bIndia and Pakistan : Punjab, Haryana, and Himachal-India and Punjab-Pakistan / |
||
| 260 |
_a Delhi _bNational Book Shop _c1991 |
||
| 270 |
_aPleasure Garden Market Chandni Chowk _b Delhi _e110006 |
||
| 300 |
_aLxxiv, 766p. _c24cm(Hb) |
||
| 500 | _aIncludes index | ||
| 650 |
_aIndia--Punjab _9104046 |
||
| 650 |
_aPartition of Punjab (India : 1947) _915028 |
||
| 700 |
_a Kirpal Singh _914901 |
||
| 942 |
_2ddc _cEN _h954.085 _mSEL |
||
| 999 |
_c134584 _d134584 |
||